Normal view
MARC view
- تأليف خاطر، صبري ؛ م.مشارك أحمد هيكل
Entry Personal Name
001 - CONTROL NUMBER
- control field: 52980
003 - CONTROL NUMBER IDENTIFIER
- control field: JO-AjAnu
005 - DATE AND TIME OF LATEST TRANSACTION
- control field: 20230606082714.0
008 - FIXED-LENGTH DATA ELEMENTS
- fixed length control field: 230606|| aca||aabn | a|a d
040 ## - CATALOGING SOURCE
- Original cataloging agency: JO-AjAnu
- Transcribing agency: JO-AjAnu
100 ## - HEADING--PERSONAL NAME
- Personal name: تأليف خاطر، صبري ؛ م.مشارك أحمد هيكل
670 ## - SOURCE DATA FOUND
- Source citation: Work cat.: (JO-AjAnu)27069: تأليف خاطر، صبري ؛ م.مشارك أحمد هيكل, author, تاريخ القانون